000 00741nam a2200193Ia 4500
003 Ost
005 20260507075051.0
008 260507s9999||||xx |||||||||||||| ||und||
040 _cfsecg
041 _aara
082 _a657.46
100 _aأبو المكارم، وصفي عبد الفتاح
_eمؤلف
245 0 _aحلول كتاب المحاسبة المالية :
_bالقياس والتقويم والإفصاح المحاسبي /
_c وصفي عبد الفتاح أبو المكارم
260 _aالإسكندرية:
_bالدار الجامعية,
_c1996
300 _a204 صفحة؛
_bإيضاحات ؛
_c24 سم
520 _aحلول التمارين
653 _aالمحاسبة التحليلية
942 _cكتاب
999 _c42650
_d42650